000 01081cam a22003014a 4500
001 13656184
005 20251121124535.0
008 040715s2005 enka b 001 0 eng
020 _a0415336228
_qhardcover : alk. paper
020 _a0415336236
_qpbk. : alk. paper
020 _a0203421434
_qebook
020 _a9780415336222
_q(hardcover : alk. paper)
020 _a9780415336239
_q(pbk. : alk. paper)
020 _a9780203421437
_q(ebook)
050 0 0 _aTH845
_b.M63 2005
082 0 0 _a690
_222
100 1 _aMillais, Malcolm.
245 1 0 _aBuilding structures :
_bfrom concepts to design /
_cMalcolm Millais.
250 _a2nd ed.
260 _aLondon ;
_aNew York :
_bSpon Press,
_cc2006.
300 _avii, 423 p. :
_bill. ;
_c26 cm.
650 0 _aBuildings.
650 0 _aStructural design.
650 0 _aStructural analysis (Engineering)
856 4 1 _3Table of contents only
_uhttp://www.loc.gov/catdir/toc/ecip0420/2004016690.html
856 4 2 _3Publisher description
_uhttp://www.loc.gov/catdir/enhancements/fy0651/2004016690-d.html
942 _2lcc
_cBK
_e2nd ed.
_n0
999 _c8301
_d8301